Las Fundaciones de iniciativa pública: un régimen jurídico en construcción : la singularidad de las fundaciones locales / Elisenda Malaret i Garcia, Marc Marsal Ferret un régimen jurídico en construcción :
ISBN:
84-95417-59-6
Descripción Física:
151 p. ; 24 cm
Colección:
Estudis ; 20
Otros Autores:
Marsal i Ferret, Marc
Materias:
Fundacions (Dret) -- Espanya
MARC
| LEADER | 00000nam a2200000Ia 4500 | ||
|---|---|---|---|
| 001 | 17576 | ||
| 008 | 160829s2005 xx 000 0 cat d | ||
| 020 | |a 84-95417-59-6 | ||
| 080 | |a M-5-196 | ||
| 100 | |a Malaret i Garcia, Elisenda |9 14953 | ||
| 245 | |a Las Fundaciones de iniciativa pública: |b un régimen jurídico en construcción : |b la singularidad de las fundaciones locales / Elisenda Malaret i Garcia, Marc Marsal Ferret | ||
| 260 | |a Barcelona : |b Fundació Carles Pi i Sunyer d'Estudis Autonòmics i Locals, |c 2005 | ||
| 300 | |a 151 p. ; |c 24 cm | ||
| 490 | |a Estudis ; 20 | ||
| 590 | |a Bibliografia | ||
| 650 | |a Fundacions (Dret) |x Espanya |9 23398 | ||
| 700 | |a Marsal i Ferret, Marc |9 23399 | ||
| 710 | 1 | |a Fundació Carles Pi i Sunyer d'Estudis Autonòmics i Locals |9 52753 | |
| 901 | |a Arxiu | ||
| 942 | |n 1 | ||
| 952 | |0 0 |1 0 |4 0 |6 M5196 |7 1 |9 42693 |a Arxiu |b Arxiu |d 2016-12-01 |l 0 |o M-5-196 |p 17576 |r 2016-12-01 00:00:00 |w 2016-12-01 |y ARXIU | ||
| 999 | |c 45199 |d 45199 | ||